Baseball: MLB-Teams nach Stadt - Statistiken

Allgemein
  • Dieses Quiz wurde 1.132 mal gespielt
  • Das Durchschnittsergebnis liegt bei 18 aus 30
Antwortstatistiken
Stadt/Region Team % Korrekt
New York Y{ankees}
94%
New York M{ets}
85%
Chicago W{hite} {Sox}
81%
Chicago C{ubs}
80%
Boston Red Sox
77%
Los Angeles D{odgers}
74%
Los Angeles A{ngels}
69%
West Sacramento, ab 2028 Las Vegas Athletics
60%
Houston Astros
58%
Atlanta Braves
57%
Baltimore Orioles
56%
Milwaukee Brewers
54%
Arizona Diamondbacks
54%
San Diego Padres
54%
Philadelphia Phillies
54%
Pittsburgh Pirates
54%
Minnesota Twins
54%
San Francisco Giants
53%
Miami Marlins
52%
Kansas City Royals
52%
Toronto Blue Jays
51%
Seattle Mariners
51%
Texas Rangers
51%
Cincinnati Reds
51%
Detroit Tigers
51%
Colorado Rockies
50%
Tampa Bay Rays
49%
St. Louis Cardinals
47%
Washington Nationals
46%
Cleveland Guardians
41%
Keine übereinstimmenden Quizze gefunden
Verteilung der Resultate
Anzahl Personen mit jedem Resultat
Perzentil nach korrekt beantworteten Fragen
Ihre Resultats-Entwicklung
Sie haben dieses Quiz noch nicht gespielt